| 000 | 02912cam a22007937a 4500 | ||
|---|---|---|---|
| 001 | 11678984 | ||
| 003 | LIBRIS | ||
| 005 | 20251216140049.0 | ||
| 008 | 091111r20092008enk||||||b||||001 0|eng|c | ||
| 015 |
_aGBA922364 _2bnb |
||
| 016 | 7 |
_a014920493 _2Uk |
|
| 020 |
_a9780141030906 _qpbk. |
||
| 020 |
_a0141030909 _qpbk. |
||
| 035 | _a(OCoLC)312625958 | ||
| 040 |
_aUKM _cUKM _dBTCTA _dG _ea |
||
| 041 | _aeng | ||
| 082 | 0 | 4 |
_a530 K13 2009 _222 |
| 084 |
_aUcc _2kssb/8 |
||
| 084 |
_aOp _2kssb/8 |
||
| 100 | 1 |
_aKaku, Michio _4aut |
|
| 245 | 1 | 0 |
_aPhysics of the impossible : _ba scientific exploration of the world of phasers, force fields, teleportation and time travel / _cMichio Kaku. |
| 264 | 1 |
_aLondon : _bPenguin, _c2009. |
|
| 300 | _a329 p. 20 cm. | ||
| 500 | _aUrsprungligen utg.: London: Allen Lane, 2008. | ||
| 504 | _aIncludes bibliographical references and index. | ||
| 650 | 7 |
_aFysik _0https://id.kb.se/term/sao/Fysik _2sao |
|
| 650 | 0 |
_aDiscoveries in science _xForecasting. |
|
| 650 | 0 |
_aTechnological innovations _xForecasting. |
|
| 650 | 0 | _aPhysics | |
| 887 |
_a{"@id":"4nghj03g1w00dxm","modified":"2016-03-30T09:29:30+02:00"} _2librisxl |
||
| 887 |
_a{"@id":"l66kg20hjdfhw8f2","modified":"2025-11-27T08:10:25.508+01:00"} _2librisxl |
||
| 887 |
_a{"@id":"z39d5dw454l7kqf","modified":"2009-11-24T15:06:47+01:00"} _2librisxl |
||
| 887 |
_a{"@id":"59htv4sb56glg1s","modified":"2011-11-09T15:02:18+01:00"} _2librisxl |
||
| 887 |
_a{"@id":"fksmnp5l28fm2l4","modified":"2015-08-21T11:12:50+02:00"} _2librisxl |
||
| 942 |
_2ddc _cBK-EN _n0 |
||
| 999 |
_c8370 _d8370 |
||